[Event "San Francisco TNM Fall op"]
[Site "San Francisco"]
[Date "2017.12.12"]
[Round "8"]
[White "Touset, Stephen"]
[Black "Sherwood, Peter"]
[Result "1/2-1/2"]
[WhiteElo "1566"]
[BlackElo "1678"]
[PlyCount "48"]
[EventDate "2017.10.24"]
[EventType "swiss"]
[EventRounds "9"]
[EventCountry "USA"]
[SourceTitle "EXT 2023"]
[Source "ChessBase"]
[SourceDate "2022.10.05"]
[SourceVersion "1"]
[SourceVersionDate "2022.10.05"]
[SourceQuality "1"]

1. d4 d5 2. Bf4 Nf6 3. e3 c5 4. Nd2 e6 5. c3 Nc6 6. Bd3 Qb6 7. Rb1 cxd4 8. exd4 Be7 9. Ngf3 0-0 10. Ne5 Qd8 11. h4 h5 12. Ndf3 Nxe5 13. dxe5 Ng4 14. Ng5 Qb6 15. Qe2 Bc5 16. 0-0 Bd7 17. b4 Be7 18. Be3 Qc7 19. Nf3 Nxe5 20. Bf4 Nxf3+ 21. Qxf3 Bd6 22. Qxh5 g6 23. Bxg6 fxg6 24. Qxg6+ Kh8 1/2-1/2

[Event "San Francisco Grey Memorial"]
[Site "San Francisco"]
[Date "2017.08.08"]
[Round "1"]
[White "Badgett Jr, James Raymond"]
[Black "Sherwood, Peter"]
[Result "0-1"]
[WhiteElo "1120"]
[BlackElo "1659"]
[PlyCount "58"]
[EventDate "2017.08.08"]
[EventType "swiss"]
[EventRounds "9"]
[EventCountry "USA"]
[SourceTitle "EXT 2023"]
[Source "ChessBase"]
[SourceDate "2022.10.05"]
[SourceVersion "1"]
[SourceVersionDate "2022.10.05"]
[SourceQuality "1"]

1. e4 c5 2. Bc4 e6 3. d3 Nf6 4. Nc3 Nc6 5. Nf3 Bd6 6. 0-0 0-0 7. Re1 Ng4 8. Nb5 Bb8 9. h3 Nge5 10. d4 Nxc4 11. dxc5 a6 12. Nc3 b6 13. b3 N4e5 14. Be3 Nxf3+ 15. Qxf3 bxc5 16. Bxc5 Re8 17. Rad1 Qf6 18. Qxf6 gxf6 19. e5 Bxe5 20. Ne4 d5 21. Nd6 Rd8 22. Nxc8 Raxc8 23. Bb6 Bc7 24. Bd4 Nxd4 25. Rxd4 Be5 26. Rg4+ Kh8 27. Re2 d4 28. h4 d3 29. cxd3 Rc1+ 0-1

[Event "San Francisco TNM Summer op"]
[Site "San Francisco"]
[Date "2017.07.18"]
[Round "8"]
[White "Garfield, Nicholas"]
[Black "Sherwood, Peter"]
[Result "0-1"]
[WhiteElo "1104"]
[BlackElo "1663"]
[PlyCount "74"]
[EventDate "2017.05.23"]
[EventType "swiss"]
[EventRounds "8"]
[EventCountry "USA"]
[SourceTitle "EXT 2023"]
[Source "ChessBase"]
[SourceDate "2022.10.05"]
[SourceVersion "1"]
[SourceVersionDate "2022.10.05"]
[SourceQuality "1"]

1. d4 d5 2. c4 c6 3. Nc3 Nf6 4. Nf3 dxc4 5. e4 Nbd7 6. Bxc4 e6 7. Bg5 Be7 8. e5 Nd5 9. Bxe7 Nxe7 10. Ne4 0-0 11. Nfg5 Nb6 12. Bb3 Nbd5 13. Qc2 Ng6 14. 0-0-0 h6 15. h4 hxg5 16. hxg5 Re8 17. Bxd5 Qxd5 18. Kb1 b6 19. Nd6 Rd8 20. Rh2 Rxd6 21. exd6 Qxd6 22. g3 Qd5 23. f4 Qf5 24. Qxf5 exf5 25. Rc1 Bb7 26. Rhc2 Ne7 27. b4 Rc8 28. b5 c5 29. Rc4 Bd5 30. Ra4 Rc7 31. dxc5 bxc5 32. Ra6 Nc8 33. a4 Bb7 34. Ra5 Nb6 35. Rxa7 Be4+ 36. Kb2 Rxa7 37. Rxc5 Nxa4+ 0-1

[Event "San Francisco TNM Summer op"]
[Site "San Francisco"]
[Date "2017.07.11"]
[Round "7"]
[White "Sherwood, Peter"]
[Black "Abraham, Michael David"]
[Result "0-1"]
[WhiteElo "1663"]
[BlackElo "1499"]
[PlyCount "52"]
[EventDate "2017.05.23"]
[EventType "swiss"]
[EventRounds "8"]
[EventCountry "USA"]
[SourceTitle "EXT 2023"]
[Source "ChessBase"]
[SourceDate "2022.10.05"]
[SourceVersion "1"]
[SourceVersionDate "2022.10.05"]
[SourceQuality "1"]

1. d4 Nf6 2. c4 e6 3. Nc3 d5 4. Nf3 c5 5. cxd5 exd5 6. e3 Nc6 7. Be2 Be7 8. 0-0 0-0 9. Qc2 Nb4 10. Qd1 Bf5 11. Ne1 c4 12. a3 Nc6 13. Nf3 Na5 14. Nd2 Qd7 15. Re1 Rfe8 16. Qa4 Nc6 17. Qd1 Bd6 18. b3 Ng4 19. h3 Bh2+ 20. Kf1 Nxe3+ 21. fxe3 Rxe3 22. Nf3 Rxc3 23. Nxh2 Bxh3 24. gxh3 Qxh3+ 25. Kf2 Qxh2+ 26. Kf1 Rg3 0-1

[Event "San Francisco TNM Spring op"]
[Site "San Francisco"]
[Date "2017.04.25"]
[Round "7"]
[White "Sherwood, Peter"]
[Black "Uzzaman, Ashik"]
[Result "0-1"]
[WhiteElo "1703"]
[BlackElo "1930"]
[PlyCount "112"]
[EventDate "2017.03.14"]
[EventType "swiss"]
[EventRounds "8"]
[EventCountry "USA"]
[SourceTitle "EXT 2023"]
[Source "ChessBase"]
[SourceDate "2022.10.05"]
[SourceVersion "1"]
[SourceVersionDate "2022.10.05"]
[SourceQuality "1"]

1. d4 e6 2. Nf3 f5 3. Nc3 Nf6 4. Bf4 d6 5. e3 Be7 6. Bc4 0-0 7. 0-0 Ne4 8. Nd2 d5 9. Be2 c6 10. Ncxe4 fxe4 11. f3 exf3 12. Nxf3 c5 13. c3 Nc6 14. Qc2 Bd7 15. Ne5 Nxe5 16. Bxe5 Bg5 17. Bf4 Bxf4 18. Rxf4 Rxf4 19. exf4 cxd4 20. cxd4 Qf6 21. Qd2 Rf8 22. Rf1 a6 23. Qe3 Rc8 24. Bd3 Bb5 25. Bxb5 axb5 26. f5 exf5 27. b3 g5 28. Qd3 f4 29. Re1 h6 30. Re5 Rc1+ 31. Kf2 Qc6 32. Re2 b4 33. Qf5 Rc3 34. Qe5 Rc2 35. Kf3 Rxe2 36. Kxe2 Kf7 37. Qf5+ Ke7 38. Qh7+ Kd8 39. Qg7 Qc2+ 40. Kf1 Qb1+ 41. Kf2 Qxa2+ 42. Kf1 Qxb3 43. Qf8+ Kd7 44. Qg7+ Kc6 45. Qxh6+ Kb5 46. Qxg5 Qd1+ 47. Kf2 Qxd4+ 48. Kf3 Qe4+ 49. Kf2 b3 50. Qg7 Kc4 51. Qxb7 Kc3 52. Qc7+ Kd3 53. Qa5 Qe3+ 54. Kf1 Qe2+ 55. Kg1 Qd1+ 56. Kf2 Qd2+ 0-1

[Event "San Francisco TNM Spring op"]
[Site "San Francisco"]
[Date "2017.04.18"]
[Round "6"]
[White "Anderson, Michael Gene"]
[Black "Sherwood, Peter"]
[Result "0-1"]
[WhiteElo "1902"]
[BlackElo "1703"]
[PlyCount "148"]
[EventDate "2017.03.14"]
[EventType "swiss"]
[EventRounds "8"]
[EventCountry "USA"]
[SourceTitle "EXT 2023"]
[Source "ChessBase"]
[SourceDate "2022.10.05"]
[SourceVersion "1"]
[SourceVersionDate "2022.10.05"]
[SourceQuality "1"]

1. e4 c5 2. d4 cxd4 3. c3 dxc3 4. Nxc3 a6 5. Nf3 d6 6. Bc4 e6 7. 0-0 b5 8. Bb3 Bb7 9. Qe2 Nd7 10. Rd1 Qc7 11. Bf4 Ne5 12. Nd4 Nf6 13. Rac1 Qb8 14. Bg3 Be7 15. f4 Nc6 16. Nxc6 Bxc6 17. e5 dxe5 18. fxe5 Nd7 19. Qh5 0-0 20. Ne2 Qb7 21. Nf4 Nc5 22. Qg4 Nxb3 23. axb3 Rac8 24. Rc3 Rfd8 25. Rxd8+ Bxd8 26. Nh5 g6 27. Nf6+ Kg7 28. Bf4 Bxf6 29. exf6+ Kh8 30. Qg5 Qb6+ 31. Be3 Qd8 32. h3 Qd1+ 33. Kh2 Qh5 34. Qg3 Qd5 35. Rc5 Qd8 36. Qh4 Qd6+ 37. Qg3 Qxg3+ 38. Kxg3 Bb7 39. Rxc8+ Bxc8 40. Bh6 Bb7 41. b4 Bd5 42. Kf2 Kg8 43. g3 e5 44. h4 Be4 45. g4 Bd5 46. h5 Be6 47. Kg3 Bd5 48. Be3 Kf8 49. hxg6 hxg6 50. Kh4 Ke8 51. Kg5 Kd7 52. Kh4 Ke6 53. g5 Kf5 54. Kg3 Ke4 55. Kf2 Kd3 56. Bc5 Kc2 57. Bd6 e4 58. Ke3 Kxb2 59. Kd4 Bb7 60. Kc5 e3 61. Kb6 e2 62. Bg3 Bc8 63. Kc7 Be6 64. Kb6 Kb3 65. Be1 Kc4 66. Kxa6 Bf5 67. Kb6 Bd3 68. Kc6 Kd4 69. Kd6 Ke4 70. Ke7 Bc4 71. Kd6 Kf5 72. Bd2 e1Q 73. Bxe1 Kxg5 74. Bc3 Kf5 0-1

[Event "San Francisco TNM Fall op"]
[Site "San Francisco"]
[Date "2016.11.22"]
[Round "6"]
[White "Sherwood, Peter"]
[Black "Sachs Weintraub, Julian"]
[Result "1-0"]
[WhiteElo "1688"]
[BlackElo "1525"]
[PlyCount "89"]
[EventDate "2016.10.18"]
[EventType "swiss"]
[EventRounds "9"]
[EventCountry "USA"]
[SourceTitle "EXT 2018"]
[Source "ChessBase"]
[SourceDate "2017.10.13"]
[SourceVersion "1"]
[SourceVersionDate "2017.10.13"]
[SourceQuality "1"]

1. d4 d5 2. c4 dxc4 3. e4 b5 4. Nc3 c6 5. a4 Bd7 6. Nf3 e6 7. Ne5 Bb4 8. Nxd7 Nxd7 9. Bd2 Bxc3 10. Bxc3 Ngf6 11. Qf3 0-0 12. Be2 a6 13. 0-0 c5 14. d5 exd5 15. exd5 Nb6 16. axb5 axb5 17. Rxa8 Nxa8 18. Rd1 Nb6 19. d6 b4 20. Bxf6 Qxf6 21. Qxf6 gxf6 22. d7 Rd8 23. Bg4 Kf8 24. Rd6 Na4 25. Rc6 Ke7 26. Rc8 Rxd7 27. Bxd7 Kxd7 28. Ra8 Nxb2 29. Kf1 Kd6 30. Ke2 c3 31. Rd8+ Kc6 32. Rb8 Kd5 33. Rh8 Kc4 34. Rxh7 c2 35. Kd2 b3 36. Rh4+ Kb5 37. Rh3 c4 38. Rc3 Nd3 39. h4 b2 40. Kxc2 Kb4 41. Rxd3 cxd3+ 42. Kxb2 Kc5 43. h5 Kd6 44. h6 d2 45. Kc2 1-0

[Event "San Francisco Benson Memorial"]
[Site "San Francisco"]
[Date "2016.09.06"]
[Round "6"]
[White "Bayaraa, Chinguun"]
[Black "Sherwood, Peter"]
[Result "1-0"]
[WhiteElo "2061"]
[BlackElo "1688"]
[PlyCount "67"]
[EventDate "2016.08.02"]
[EventType "swiss"]
[EventRounds "9"]
[EventCountry "USA"]
[SourceTitle "EXT 2018"]
[Source "ChessBase"]
[SourceDate "2017.10.13"]
[SourceVersion "1"]
[SourceVersionDate "2017.10.13"]
[SourceQuality "1"]

1. d4 d5 2. c4 c6 3. Nf3 Nf6 4. Nc3 Nbd7 5. Bg5 Nb6 6. c5 Nbd7 7. e3 e6 8. Be2 Be7 9. 0-0 0-0 10. h3 b6 11. b4 Bb7 12. a3 Re8 13. Qc2 bxc5 14. bxc5 a5 15. Rab1 Ba6 16. Bxa6 Rxa6 17. Na4 Qc7 18. Bf4 Qa7 19. Rb2 Rc8 20. Rfb1 Bd8 21. g4 h6 22. h4 Qa8 23. g5 hxg5 24. hxg5 Ne4 25. Ne5 Nxe5 26. Bxe5 Nxg5 27. Rb8 Rxb8 28. Rxb8 Nf3+ 29. Kf1 Nxe5 30. Rxa8 Rxa8 31. dxe5 Rb8 32. Kg2 Be7 33. Nb6 Bd8 34. Qa4 1-0

[Event "San Francisco Benson Memorial"]
[Site "San Francisco"]
[Date "2016.08.02"]
[Round "1"]
[White "Sherwood, Peter"]
[Black "Stearman, Josiah P"]
[Result "0-1"]
[WhiteElo "1688"]
[BlackElo "2315"]
[PlyCount "72"]
[EventDate "2016.08.02"]
[EventType "swiss"]
[EventRounds "9"]
[EventCountry "USA"]
[SourceTitle "EXT 2018"]
[Source "ChessBase"]
[SourceDate "2017.10.13"]
[SourceVersion "1"]
[SourceVersionDate "2017.10.13"]
[SourceQuality "1"]

1. e4 c5 2. Nf3 d6 3. d4 cxd4 4. Nxd4 Nf6 5. Nc3 g6 6. Be3 Bg7 7. Bc4 h5 8. f3 a6 9. Bb3 Nbd7 10. Qd2 b6 11. 0-0-0 Bb7 12. Kb1 Rc8 13. Rhe1 0-0 14. Bh6 b5 15. Bxg7 Kxg7 16. Qg5 Kh7 17. h3 e6 18. Qe3 Ne5 19. Bxe6 fxe6 20. Nxe6 Qe7 21. Nxf8+ Rxf8 22. Nd5 Nxd5 23. exd5 Qf7 24. Qe4 Bc8 25. Qd4 Bf5 26. Re3 g5 27. Rc3 Qb7 28. g4 Bg6 29. Rf1 Rf4 30. Qg1 h4 31. Qe3 b4 32. Rb3 a5 33. a3 Qxd5 34. axb4 axb4 35. Qa7+ Rf7 36. Qb6 Qxb3 0-1

[Event "San Francisco TNM Summer op"]
[Site "San Francisco"]
[Date "2016.06.21"]
[Round "5"]
[White "Sherwood, Peter"]
[Black "Melville, Cailen"]
[Result "0-1"]
[WhiteElo "1672"]
[BlackElo "1901"]
[PlyCount "98"]
[EventDate "2016.05.24"]
[EventType "swiss"]
[EventRounds "8"]
[EventCountry "USA"]
[SourceTitle "EXT 2018"]
[Source "ChessBase"]
[SourceDate "2017.10.13"]
[SourceVersion "1"]
[SourceVersionDate "2017.10.13"]
[SourceQuality "1"]

1. e4 e6 2. d4 d5 3. Nc3 dxe4 4. Nxe4 b6 5. Nf3 Bb7 6. Bb5+ c6 7. Bd3 Nf6 8. Nxf6+ gxf6 9. Bf4 Bd6 10. Qd2 Qc7 11. Bg3 Nd7 12. 0-0-0 0-0-0 13. Kb1 h5 14. Qe2 f5 15. Bxd6 Qxd6 16. Ba6 Bxa6 17. Qxa6+ Kb8 18. Rd3 Rhg8 19. g3 Qc7 20. Rhd1 Nf6 21. Ne5 Rd6 22. c4 c5 23. d5 exd5 24. cxd5 Ka8 25. Nc4 Rdd8 26. d6 Qb7 27. Qa4 b5 28. Qc2 bxc4 29. Qxc4 Rb8 30. Rb3 Qe4+ 31. Qd3 Rxb3 32. axb3 Rd8 33. Kc1 Qxd3 34. Rxd3 Ne4 35. Rd5 Nxd6 36. Rxc5 Rc8 37. b4 Rxc5+ 38. bxc5 Ne4 39. b4 Nxf2 40. Kd2 Ng4 41. h4 Ne5 42. Ke3 Ng6 43. Kd4 Kb7 44. Kd5 Kc7 45. b5 f4 46. gxf4 Nxh4 47. Ke4 f6 48. f5 Kb7 49. Kf4 a6 0-1

[Event "San Francisco TNM Summer op"]
[Site "San Francisco"]
[Date "2016.06.07"]
[Round "3"]
[White "Sherwood, Peter"]
[Black "Batzel, Grant"]
[Result "1/2-1/2"]
[WhiteElo "1672"]
[BlackElo "1261"]
[PlyCount "63"]
[EventDate "2016.05.24"]
[EventType "swiss"]
[EventRounds "8"]
[EventCountry "USA"]
[SourceTitle "EXT 2018"]
[Source "ChessBase"]
[SourceDate "2017.10.13"]
[SourceVersion "1"]
[SourceVersionDate "2017.10.13"]
[SourceQuality "1"]

1. e4 e6 2. d4 d5 3. Nc3 Nf6 4. e5 Nfd7 5. f4 c5 6. Nf3 a6 7. Be3 cxd4 8. Nxd4 Bb4 9. Bd2 Qb6 10. Nde2 Nc6 11. Na4 Qc7 12. a3 Be7 13. Be3 b5 14. Nac3 Bb7 15. Nd4 Qb6 16. Nce2 0-0 17. Qd2 Nxd4 18. Nxd4 Qc7 19. Bd3 Nc5 20. 0-0 Nxd3 21. cxd3 Qd7 22. Nf3 Rac8 23. Rac1 Rxc1 24. Rxc1 Rc8 25. Rxc8+ Qxc8 26. Nd4 Qc7 27. Kf1 h6 28. Qc2 Qb6 29. Nf5 Qd8 30. Nd4 Qb6 31. Nf5 Qd8 32. Nd4 1/2-1/2

[Event "San Francisco TNM Winter op"]
[Site "San Francisco"]
[Date "2016.02.23"]
[Round "8"]
[White "James, Charles"]
[Black "Sherwood, Peter"]
[Result "0-1"]
[WhiteElo "1369"]
[BlackElo "1671"]
[PlyCount "54"]
[EventDate "2016.01.05"]
[EventType "swiss"]
[EventRounds "8"]
[EventCountry "USA"]
[SourceTitle "EXT 2018"]
[Source "ChessBase"]
[SourceDate "2017.10.13"]
[SourceVersion "1"]
[SourceVersionDate "2017.10.13"]
[SourceQuality "1"]

1. d4 d5 2. c4 dxc4 3. Nf3 Nf6 4. e3 e6 5. Bxc4 c5 6. Nc3 Nc6 7. 0-0 cxd4 8. exd4 Bd6 9. Bg5 0-0 10. Re1 Be7 11. Rc1 a6 12. a3 b5 13. Ba2 b4 14. Ne4 Nxe4 15. Bxe7 Nxe7 16. Rxe4 Bb7 17. Rg4 bxa3 18. bxa3 Bd5 19. Bb1 Rc8 20. Rxc8 Qxc8 21. h3 Qc3 22. Bxh7+ Kxh7 23. Ng5+ Kg8 24. Rg3 Qc6 25. Qh5 Be4 26. Rg4 Bg6 27. Qh4 Nf5 0-1

[Event "San Francisco TNM Winter op"]
[Site "San Francisco"]
[Date "2016.01.12"]
[Round "2"]
[White "Sherwood, Peter"]
[Black "Frank, Robert"]
[Result "1-0"]
[WhiteElo "1671"]
[BlackElo "1319"]
[PlyCount "37"]
[EventDate "2016.01.05"]
[EventType "swiss"]
[EventRounds "8"]
[EventCountry "USA"]
[SourceTitle "EXT 2018"]
[Source "ChessBase"]
[SourceDate "2017.10.13"]
[SourceVersion "1"]
[SourceVersionDate "2017.10.13"]
[SourceQuality "1"]

1. e4 e5 2. Nf3 Nf6 3. Nxe5 d6 4. Nf3 Nxe4 5. d4 Qe7 6. Be2 d5 7. 0-0 Bg4 8. Nc3 Nf6 9. Bg5 c6 10. Re1 Qd6 11. Ba6+ Kd7 12. Bxb7 Kc7 13. Bxa8 Be7 14. Qd2 Qd8 15. Bxf6 Bxf6 16. Qf4+ Kb6 17. Qxg4 Qd6 18. Ne5 Qc7 19. Bxc6 1-0

[Event "San Francisco TNM Winter op"]
[Site "San Francisco"]
[Date "2016.01.05"]
[Round "1"]
[White "Winslow, Elliott C"]
[Black "Sherwood, Peter"]
[Result "1-0"]
[WhiteElo "2311"]
[BlackElo "1671"]
[PlyCount "73"]
[EventDate "2016.01.05"]
[EventType "swiss"]
[EventRounds "8"]
[EventCountry "USA"]
[SourceTitle "EXT 2018"]
[Source "ChessBase"]
[SourceDate "2017.10.13"]
[SourceVersion "1"]
[SourceVersionDate "2017.10.13"]
[SourceQuality "1"]

1. d4 Nf6 2. c4 g6 3. Nc3 d5 4. cxd5 Nxd5 5. e4 Nxc3 6. bxc3 Bg7 7. Nf3 0-0 8. Be2 c5 9. 0-0 Nc6 10. d5 Ne5 11. Nxe5 Bxe5 12. Bh6 Bg7 13. Bxg7 Kxg7 14. f4 Qc7 15. Qd2 Bd7 16. c4 Rad8 17. Rab1 b6 18. Rb3 Bc8 19. h4 h5 20. a4 Bd7 21. a5 bxa5 22. Rfb1 Qd6 23. e5 Qa6 24. Qe3 Rc8 25. Rb7 Bf5 26. R1b2 Rfe8 27. Qc3 a4 28. R7b5 a3 29. Ra2 Rc7 30. Rxa3 Qc8 31. d6 Rb7 32. e6+ f6 33. d7 Rxd7 34. exd7 Bxd7 35. Rb2 Qc7 36. Qg3 Bf5 37. Rba2 1-0

[Event "San Francisco TNM Fall op"]
[Site "San Francisco"]
[Date "2015.12.08"]
[Round "8"]
[White "Morgan, Jerry"]
[Black "Sherwood, Peter"]
[Result "0-1"]
[WhiteElo "1510"]
[BlackElo "1748"]
[PlyCount "92"]
[EventDate "2015.10.20"]
[EventType "swiss"]
[EventRounds "9"]
[EventCountry "USA"]
[SourceTitle "EXT 2023"]
[Source "ChessBase"]
[SourceDate "2022.10.05"]
[SourceVersion "1"]
[SourceVersionDate "2022.10.05"]
[SourceQuality "1"]

1. f4 d5 2. Nf3 Nf6 3. e3 e6 4. b3 Bc5 5. Bb2 Qe7 6. a3 Nbd7 7. Bd3 Bd6 8. Ne5 Nc5 9. Bb5+ Ncd7 10. Bxd7+ Bxd7 11. 0-0 0-0-0 12. d3 h5 13. h3 h4 14. Nd2 Nh5 15. c4 Nf6 16. b4 Ne8 17. b5 Bc5 18. Re1 Bd6 19. Qa4 Kb8 20. Nb3 Bxe5 21. Bxe5 f6 22. Bd4 b6 23. c5 e5 24. cxb6 cxb6 25. Bc3 Nc7 26. Qb4 Qxb4 27. Bxb4 Bxb5 28. d4 e4 29. a4 Bc4 30. Nd2 Bd3 31. a5 b5 32. Nb3 Na6 33. Bd2 Rc8 34. Rac1 Bc4 35. Rb1 Rc6 36. Nc1 Rhc8 37. Ne2 Bxe2 38. Rxe2 Nc7 39. Bb4 a6 40. Bc5 Ne6 41. Bb6 g6 42. Kf2 Ng7 43. g4 hxg3+ 44. Kxg3 Rc3 45. Bc5 Ne6 46. Be7 Nxd4 0-1

[Event "San Francisco TNM Fall op"]
[Site "San Francisco"]
[Date "2015.11.24"]
[Round "6"]
[White "Robertson, Guy"]
[Black "Sherwood, Peter"]
[Result "0-1"]
[WhiteElo "1668"]
[BlackElo "1748"]
[PlyCount "88"]
[EventDate "2015.10.20"]
[EventType "swiss"]
[EventRounds "9"]
[EventCountry "USA"]
[SourceTitle "EXT 2023"]
[Source "ChessBase"]
[SourceDate "2022.10.05"]
[SourceVersion "1"]
[SourceVersionDate "2022.10.05"]
[SourceQuality "1"]

1. Nf3 Nf6 2. g3 e6 3. Bg2 d5 4. d4 Bd6 5. 0-0 0-0 6. Nbd2 Nbd7 7. c4 c6 8. c5 Bb8 9. a3 b6 10. cxb6 axb6 11. b4 Bd6 12. Bb2 Ba6 13. Re1 Rc8 14. Rc1 c5 15. bxc5 bxc5 16. dxc5 Bxc5 17. e4 Qb6 18. Rxc5 Qxc5 19. exd5 Nxd5 20. Qa1 N7f6 21. Ne4 Qe7 22. Nxf6+ Nxf6 23. Nh4 Bd3 24. Bc3 Rfd8 25. Bb4 Qa7 26. Nf3 Rc2 27. Bd2 Ng4 28. Be3 Nxe3 29. Rxe3 Qc5 30. Ne1 Rc1 31. Qb2 Ba6 32. Bf3 h6 33. Kg2 Qc7 34. a4 Rc5 35. h4 Qb8 36. Rb3 Qe5 37. Qb1 Rcc8 38. Re3 Qc7 39. Qa1 Qc1 40. Qe5 Rd2 41. Be2 Bxe2 42. Rxe2 Rxe2 43. Qxe2 Qc6+ 44. Nf3 Qxa4 0-1

[Event "San Francisco TNM Fall op"]
[Site "San Francisco"]
[Date "2015.11.03"]
[Round "3"]
[White "Sherwood, Peter"]
[Black "Rudyak, Felix"]
[Result "1-0"]
[WhiteElo "1748"]
[BlackElo "2000"]
[PlyCount "83"]
[EventDate "2015.10.20"]
[EventType "swiss"]
[EventRounds "9"]
[EventCountry "USA"]
[SourceTitle "EXT 2023"]
[Source "ChessBase"]
[SourceDate "2022.10.05"]
[SourceVersion "1"]
[SourceVersionDate "2022.10.05"]
[SourceQuality "1"]

1. e4 c5 2. Nf3 d6 3. d4 cxd4 4. Nxd4 Nf6 5. Nc3 a6 6. Be3 e5 7. Nb3 Be7 8. Qd2 Be6 9. f3 0-0 10. g4 Nbd7 11. g5 Ne8 12. Nd5 Bxd5 13. exd5 Rc8 14. 0-0-0 Nc5 15. Nxc5 dxc5 16. h4 c4 17. c3 b5 18. Bh3 Nd6 19. Bxc8 Qxc8 20. Qh2 b4 21. Qxe5 Re8 22. Bd4 Bf8 23. Qh2 bxc3 24. Bxc3 Nb5 25. Qd2 Qf5 26. Rhe1 Rd8 27. a4 Nc7 28. Qe2 Bd6 29. Be5 Bxe5 30. Qxe5 Qc8 31. Re4 Na8 32. d6 c3 33. Qxc3 Qd7 34. Rc4 Nb6 35. Rc7 Qxa4 36. b3 Qxh4 37. Qc5 Qf4+ 38. Kb2 Na4+ 39. bxa4 Rb8+ 40. Kc3 Qxf3+ 41. Rd3 Qg4 42. d7 1-0